| 000 | 00956nam a22002537a 4500 | ||
|---|---|---|---|
| 999 |
_c8211 _d8211 |
||
| 003 | AR-CdUCM | ||
| 008 | 190322b ||||| |||| 00| 0 spa d | ||
| 040 |
_aMUNICIPALIDAD PROVINCIAL DEL CUSCO _cBIBLIOTECA MUNICIPAL DEL CUSCO |
||
| 041 | _hpor | ||
| 082 |
_24ed. _a301.37 / _bC35 |
||
| 100 |
_aCastro, Josué de _94197 |
||
| 245 |
_aGeopolítica del hambre : _bEnsayo sobre los problemas alimentarios y demográficos del mundo / |
||
| 260 |
_aBuenos Aires : _bSolar Hachette, _c1970. |
||
| 300 |
_a409 páginas ; _bláminas, _c22 cm. |
||
| 440 |
_aBiblioteca Dimensión Americana. _923132 |
||
| 505 | _aContenido: El fenómeno universal del hambre -- Distribución regional del hambre -- Un mundo sin hambre. | ||
| 650 |
_aAspectos sociales _9262 |
||
| 650 |
_aHambre _97447 |
||
| 650 |
_aAbastecimiento de alimentos _96017 |
||
| 650 |
_aNutrición _92384 |
||
| 700 |
_aCóccaro, Nicolás (traducción) _923133 |
||
| 942 |
_2ddc _cLIBROS |
||
| 945 | _aachl | ||